MARC

LEADER 00000nam0a2200000 4500
001 248196
005 20231031212352.0
010 |a 5020290025 
035 |a (RuTPU)RU\TPU\book\269914 
090 |a 248196 
100 |a 20140120d1988 k y0rusy50 ca 
101 0 |a rus 
102 |a RU 
105 |a y z 001zy 
200 1 |a Сибирь в ленинском плане построения социализма. 1917-1924 гг.  |f М. Д. Печенкин  |g Академия наук СССР (АН СССР), Сибирское отделение (СО), Институт истории, филологии и философии 
210 |a Новосибирск  |c Наука  |d 1988 
215 |a 208 с. 
320 |a Библиогр.: с. 173-205. 
606 1 |a Сибирь  |2 stltpush  |3 (RuTPU)RU\TPU\subj\67153 
610 1 |a социализм 
610 1 |a построение 
610 1 |a промышленное развитие 
610 1 |a транспортное освоение 
610 1 |a сельское хозяйство 
610 1 |a государственное строительство 
610 1 |a культурные преобразования 
686 |a Т3(2Р5)  |v LBC/SL-A  |2 rubbk 
700 1 |a Печенкин  |b М. Д.  |g Михаил Дмитриевич 
712 0 2 |a Академия наук СССР (АН СССР)  |b Сибирское отделение (СО)  |b Институт истории, филологии и философии  |c (Новосибирск)  |2 stltpush  |3 (RuTPU)RU\TPU\col\11501 
801 1 |a RU  |b 63413507  |c 20140120 
801 2 |a RU  |b 63413507  |c 20200117  |g RCR 
942 |c BK